Geografia na literę G - Statystyki

Ogólne statystyki
  • Ten quiz został rozwiązany 58 razy
  • Średni wynik to 13 z 21
Statystyki odpowiedzi
Wskazówka Odpowiedź % Poprawnych
Angielska nazwa dla Niemiec Germany
96%
Największa wyspa świata Grenlandia
96%
Węgierskie danie narodowe składające się z mięsa, cebuli i papryki Gulasz
96%
Miasto, w którym leży Piramida Cheopsa Giza
88%
Pustynia znajdująca się w Mongolii i Chinach Gobi
88%
Najświętsza rzeka w hinduizmie Ganges
83%
Największe miasto w Szkocji Glasgow
79%
Południowoamerykańskie państwo Gujana
75%
Stan USA, graniczący m.in. z Alabamą i Karoliną Południową Georgia
71%
Cieśnina oddzielająca Hiszpanię z Marokiem Gibraltarska
67%
Drugie największe miasto Szwecji Göteborg
65%
Państwo graniczące z Gabonem i Kamerunem Gwinea Równikowa
65%
Archipelag należący do Ekwadoru. Charles Darwin opracował na nim teorię ewolucji Galapagos
62%
Najbardziej znany most w Kalifornii Golden Gate Bridge
56%
Włoski odpowiednik imienia Jan Giovanni
52%
Hiszpańska zupa oparta na pomidorach, podawana na zimno Gazpacho
35%
Małe terytorium nieinkorporowane Stanów Zjednoczonych na Oceanie Spokojnym Guam
31%
Trzeci największy obszar zurbanizowany Meksyku Guadalajara
29%
Masyw górski na granicy Chin z Pakistanem, w skład którego wchodzą trzy ośmiotysięczniki Gaszerbrum
10%
Nazwa posiadłości piosenkarza Elvisa Presleya w stanie Tennessee Graceland
10%
Trzecie największe jezioro Australii Gairdner
2%
Nie znaleziono quizów pasujących do podanych kryteriów
Rozkład punktacji
Procent ludzi z każdym wynikiem
Percentyl według liczby udzielonych odpowiedzi
Twoja historia wyników
Nie rozwiązałeś tego quizu